| 000 | 02142cam a2200421 i 4500 | ||
|---|---|---|---|
| 001 | 21740996 | ||
| 003 | NUST | ||
| 005 | 20220825131107.0 | ||
| 008 | 201001s2021 cau b 001 0 eng | ||
| 010 | _a 2020044400 | ||
| 020 |
_a9781523092628 _q(paperback ; _qalk. paper) |
||
| 020 |
_z9781523092635 _q(adobe pdf) |
||
| 020 |
_z9781523092642 _q(epub) |
||
| 038 | _aAzhar | ||
| 040 |
_aDLC _beng _cDLC _erda _dDLC |
||
| 042 | _apcc | ||
| 050 | 0 | 0 |
_aBF637.C45 _bS352 2021 |
| 082 | 0 | 0 |
_a155.4136 _223 _bSCH |
| 100 | 1 |
_aSchein, Edgar H., _eauthor. _94140 |
|
| 245 | 1 | 0 |
_aHumble inquiry : _bthe gentle art of asking instead of telling _cEdgar H. Schein and Peter A. Schein. |
| 250 | _aSecond edition, revised and expanded. | ||
| 260 |
_aOakland, CA : _bBerrett-Koehler Publishers, Inc., _c2021 |
||
| 300 |
_axiv, 151 pages ; _c22 cm |
||
| 336 |
_atext _btxt _2rdacontent |
||
| 337 |
_aunmediated _bn _2rdamedia |
||
| 338 |
_avolume _bnc _2rdacarrier |
||
| 504 | _aIncludes bibliographical references and index. | ||
| 505 | 0 | _aTo Boldly Tell or Humbly Inquire -- The Humble Inquiry Attitude -- How Is Humble Inquiry Different? -- The Culture of Do and Tell -- Cultural Do's and Don'ts of Conversation -- What Really Goes On in a Conversation -- What Goes On Inside Your Head? -- Developing the Attitude of Humble Inquiry. | |
| 520 |
_a"This new edition of the worldwide bestseller (over 200,000 copies sold and translated into seventeen languages) from two of the true giants in organizational culture studies offers 50% new content and a simple and effective technique for building more positive relationships, especially between people of different statuses"-- _cProvided by publisher. |
||
| 650 | 0 |
_aInterpersonal communication. _94420 |
|
| 650 | 0 |
_aInterpersonal relations. _912558 |
|
| 650 | 0 | _aOrganizational behavior. | |
| 650 | 0 |
_aHumility. _996589 |
|
| 700 | 1 |
_aSchein, Peter A., _eauthor. _996590 |
|
| 906 |
_a7 _bcbc _corignew _d1 _eecip _f20 _gy-gencatlg |
||
| 942 |
_2ddc _cLC |
||
| 999 |
_c590793 _d590793 |
||